SKEPPY MEME QUIZ - Statistics

General Stats
  • This quiz has been taken 99 times
  • The average score is 6 of 9
Answer Stats
hint Answer % Correct
Favourite Colour blue
100%
Favourite Number 14
98%
His Bald Friend BadBoyHalo
78%
Which Game Skeppy Usually Plays Minecraft
73%
His French Friend A6d
71%
His Mute Friend MegaPVP
68%
Where Skeppy Lives In 2020 Florida
48%
Skeppy's Mc Server InvadedLands.net
43%
Subs On Yt On November 2020 4000000
35%
No matching quizzes found
Score Distribution
Percent of People with Each Score
Percentile by Number Answered
Your Score History
You have not taken this quiz